000 01138nas a2200313 i 4500
001 2728
003 ES-MaACL
005 20260213164505.0
007 t|
008 990409c1987 sp m| | 0 ||pa d
022 _a1132-9386
080 _a(460)
080 _a33
245 0 0 _aCuadernos de Información Económica.
260 _aMadrid :
_bFundación de las Cajas de Ahorros Confederadas para la Investigación Económica y Social,
_c1987-
300 _a2 v. ;
_c28 cm.
310 _aMensual
362 0 _aNº 1 (1987)-
500 _aDescripción basada en nº 130 (enero 1998)
650 1 7 _aEconomía
_2embne
_912006
655 7 _2tgfbne
_9226866
_aRevistas
710 2 _aFundación de las Cajas de Ahorros Confederadas para la Investigación Económica y Social
_9134404
852 _aES-MaACL
_jHEM-2015
_cHEM
_zExpurgado marzo 2025: posterior 1958; sin encuadernar; en acceso abierto y muy incompleta
856 _uhttps://dialnet.unirioja.es/servlet/revista?codigo=370
_ySumarios de la revista en Dialnet
866 0 _o1998.
942 _2udc
_cPERIODICA
999 _c2728
_d2728